ARRUPE JESUIT UNIVERSITY

CORONAVIRUS -STOP THE SPREAD - CLEAN,DISINFECT,COVER

Imagination and interpretation in Kant : (Record no. 123776)

MARC details
000 -LEADER
fixed length control field 01115pam a2200289 a 4500
001 - CONTROL NUMBER
control field 1037996
005 - DATE AND TIME OF LATEST TRANSACTION
control field 20151113114147.0
008 - FIXED-LENGTH DATA ELEMENTS--GENERAL INFORMATION
fixed length control field 890821s1990 ilu b 001 0 eng
010 ## - LIBRARY OF CONGRESS CONTROL NUMBER
LC control number 89039715
020 ## - INTERNATIONAL STANDARD BOOK NUMBER
International Standard Book Number 0226502767 (alk. paper)
040 ## - CATALOGING SOURCE
Original cataloging agency DLC
Transcribing agency DLC
Modifying agency DLC
050 00 - LIBRARY OF CONGRESS CALL NUMBER
Classification number B2784
Item number .M27 1990
082 00 - DEWEY DECIMAL CLASSIFICATION NUMBER
Classification number 121
Edition number 20
100 1# - MAIN ENTRY--PERSONAL NAME
Personal name Makkreel, Rudolf A.,
Dates associated with a name 1939-
9 (RLIN) 21055
245 10 - TITLE STATEMENT
Title Imagination and interpretation in Kant :
Remainder of title the hermeneutical import of the Critique of judgment /
Statement of responsibility, etc Rudolf A. Makkreel.
260 ## - PUBLICATION, DISTRIBUTION, ETC. (IMPRINT)
Place of publication, distribution, etc Chicago :
Name of publisher, distributor, etc University of Chicago Press,
Date of publication, distribution, etc 1990.
300 ## - PHYSICAL DESCRIPTION
Extent x, 187 p. ;
Dimensions 24 cm.
504 ## - BIBLIOGRAPHY, ETC. NOTE
Bibliography, etc Includes bibliographical references (p. [173]-180) and index.
600 10 - SUBJECT ADDED ENTRY--PERSONAL NAME
Personal name Kant, Immanuel,
Dates associated with a name 1724-1804.
Title of a work Kritik der Urteilskraft.
9 (RLIN) 13823
650 #0 - SUBJECT ADDED ENTRY--TOPICAL TERM
Topical term or geographic name as entry element Hermeneutics.
9 (RLIN) 21056
650 #0 - SUBJECT ADDED ENTRY--TOPICAL TERM
Topical term or geographic name as entry element Judgment (Logic)
9 (RLIN) 13825
650 #0 - SUBJECT ADDED ENTRY--TOPICAL TERM
Topical term or geographic name as entry element Aesthetics.
9 (RLIN) 21057
650 #0 - SUBJECT ADDED ENTRY--TOPICAL TERM
Topical term or geographic name as entry element Teleology.
9 (RLIN) 13827
906 ## - LOCAL DATA ELEMENT F, LDF (RLIN)
a 7
b cbc
c orignew
d 1
e ocip
f 19
g y-gencatlg
942 ## - ADDED ENTRY ELEMENTS (KOHA)
Source of classification or shelving scheme Library of Congress Classification
Item type Monograph ( Printed materials)
Holdings
Withdrawn status Lost status Source of classification or shelving scheme Damaged status Not for loan Collection code Home library Current library Shelving location Date acquired Total Checkouts Full call number Barcode Date last seen Price effective from Koha item type
    Library of Congress Classification     Main Collection ARRUPE LIBRARY ARRUPE LIBRARY Main Collection 12/11/2015   B2784 .M27 1990 46500005587 12/11/2015 12/11/2015 Monograph ( Printed materials)

 

Arrupe Library. PO Box MP320 Mt Pleasant, Harare, Zimbabwe
263 242 745411|librarian@aju.ac.zw